000 00373nam a2200157Ia 4500
008 230917s9999||||xx |||||||||||||| ||und||
040 _e146465
_aMAIN
041 _aEnglish
082 _a320.509 F634M
100 _aEbenstein, William
245 0 _aModern political thought
250 _a2nd ed.
260 _aNew Delhi
_bOxford & IBH
300 _a875 p.
942 _cBK
999 _c53244
_d53244